[Event "Ankara Baskent Univ op 6th"]
[Site "Ankara"]
[Date "2023.08.16"]
[Round "3"]
[White "Ozalp, Burak"]
[Black "Alizadeh, Mohammad Mahdi"]
[Result "0-1"]
[WhiteElo "2183"]
[BlackElo "2040"]
[PlyCount "70"]
[EventDate "2023.08.15"]
[EventType "swiss"]
[EventRounds "9"]
[EventCountry "TUR"]
[SourceTitle "CBM 215 Extra"]
[Source "ChessBase"]
[SourceDate "2023.09.30"]
[SourceVersion "1"]
[SourceVersionDate "2023.09.30"]
[SourceQuality "1"]

1. e4 c6 2. d4 d5 3. e5 c5 4. c3 Nc6 5. Be2 cxd4 6. cxd4 Bf5 7. Nc3 e6 8. a3 Nge7 9. h4 h6 10. Be3 Nc8 11. g4 Bh7 12. f4 Nb6 13. Nf3 a6 14. b4 Rc8 15. Rc1 Be7 16. h5 Be4 17. Kf2 f5 18. exf6 Bxf6 19. g5 Bxf3 20. Bxf3 hxg5 21. Qd3 gxf4 22. Qg6+ Kd7 23. Bxf4 Bxd4+ 24. Kg2 Qf6 25. Ne2 Qxg6+ 26. hxg6 Bb2 27. Rb1 Rxh1 28. Kxh1 Nc4 29. Kg2 Rh8 30. Bg4 b5 31. Rd1 Ke7 32. Ng3 Be5 33. Bg5+ Bf6 34. Bxf6+ Kxf6 35. Rf1+ Kg5 0-1

[Event "Ankara Baskent Univ op 6th"]
[Site "Ankara"]
[Date "2023.08.15"]
[Round "1"]
[White "Rostami, Hossein"]
[Black "Alizadeh, Mohammad Mahdi"]
[Result "0-1"]
[WhiteElo "2303"]
[BlackElo "2040"]
[PlyCount "82"]
[EventDate "2023.08.15"]
[EventType "swiss"]
[EventRounds "9"]
[EventCountry "TUR"]
[SourceTitle "CBM 215 Extra"]
[Source "ChessBase"]
[SourceDate "2023.09.30"]
[SourceVersion "1"]
[SourceVersionDate "2023.09.30"]
[SourceQuality "1"]

1. e4 e5 2. Nf3 Nc6 3. d4 exd4 4. Bc4 Bc5 5. c3 Nf6 6. e5 d5 7. Bb5 Ne4 8. cxd4 Bb6 9. Nc3 0-0 10. Be3 f6 11. Qb3 Nxc3 12. Bxc6 bxc6 13. Qxc3 Ba6 14. a4 fxe5 15. Nxe5 c5 16. dxc5 d4 17. Bxd4 Ba5 18. b4 Qd5 19. bxa5 Rab8 20. f3 Rb3 21. Qc2 Re8 22. 0-0-0 Reb8 23. Bb2 Qe6 24. Rhe1 Qh6+ 25. Kb1 Rxb2+ 26. Qxb2 Rxb2+ 27. Kxb2 Qh4 28. Kc3 h5 29. Re4 Qxh2 30. Rd8+ Kh7 31. g4 Qg1 32. Nf7 Qc1+ 33. Kd4 Qc4+ 34. Ke3 Qxf7 35. g5 Bb7 36. g6+ Kxg6 37. Red4 Qxf3+ 38. Kd2 h4 39. Re8 h3 40. Re3 Qf2+ 41. Kd3 Ba6+ 0-1

[Event "Tehran zt 3.1"]
[Site "Tehran"]
[Date "2023.05.29"]
[Round "8"]
[White "Tahmasebi, Hamid Reza"]
[Black "Alizadeh, Mohammad Mahdi"]
[Result "1/2-1/2"]
[WhiteElo "2171"]
[BlackElo "2029"]
[PlyCount "325"]
[EventDate "2023.05.23"]
[EventType "swiss"]
[EventRounds "9"]
[EventCountry "IRI"]
[SourceTitle "CBM 214 Extra"]
[Source "ChessBase"]
[SourceDate "2023.07.31"]
[SourceVersion "1"]
[SourceVersionDate "2023.07.31"]
[SourceQuality "1"]

1. e4 c6 2. d4 d5 3. Nc3 dxe4 4. Nxe4 Nf6 5. Nxf6+ exf6 6. Nf3 Bd6 7. Bd3 0-0 8. 0-0 Re8 9. h3 Nd7 10. Be3 Nf8 11. c4 Ng6 12. Qb3 Qa5 13. c5 Bb8 14. Rae1 Rd8 15. Bc4 Qc7 16. d5 cxd5 17. Bxd5 Nh4 18. g3 Be6 19. Bf4 Bxd5 20. Bxc7 Bxb3 21. Nxh4 Bxc7 22. axb3 Kf8 23. Re2 Rd3 24. b4 Re8 25. Rc2 Rb3 26. Nf5 Rxb4 27. Rd1 Rd8 28. Rxd8+ Bxd8 29. Rd2 Ba5 30. Rd7 Rxb2 31. Nd6 Be1 32. Rxf7+ Kg8 33. Re7 Bxf2+ 34. Kf1 h5 35. Nxb7 Bxg3 36. Nd8 Rf2+ 37. Kg1 Rc2 38. Ne6 Bf2+ 39. Kf1 Bxc5 40. Rxg7+ Kh8 41. Rc7 Rc1+ 42. Ke2 Ba3 43. Rxa7 Bd6 44. Ng7 Rc5 45. Kf3 Rg5 46. Ne6 Rf5+ 47. Kg2 Rb5 48. Kf3 Rf5+ 49. Kg2 h4 50. Nd8 Bf4 51. Rd7 Be3 52. Re7 Rf2+ 53. Kh1 Bf4 54. Ne6 Be5 55. Nf8 Bg3 56. Rb7 f5 57. Kg1 f4 58. Ne6 f3 59. Ng5 Rg2+ 60. Kf1 Rh2 61. Nf7+ Kg7 62. Ne5+ Kg8 63. Rb8+ Kh7 64. Rb7+ Kg8 65. Rb8+ Kg7 66. Rb7+ Kf8 67. Rf7+ Kg8 68. Rxf3 Bxe5 69. Kg1 Bg3 70. Ra3 Rxh3 71. Kg2 Rh2+ 72. Kf3 Kf7 73. Kg4 Ke6 74. Ra5 Rh1 75. Rb5 Bd6 76. Rb3 Bg3 77. Rb5 Kd6 78. Ra5 Kc6 79. Rf5 Rb1 80. Ra5 Rb4+ 81. Kh3 Bd6 82. Rh5 Be7 83. Rh7 Kd7 84. Rh6 Ke8 85. Rh7 Kf8 86. Kh2 Bf6 87. Kh3 Kg8 88. Rh5 Kg7 89. Rf5 Kg6 90. Rf3 Kg5 91. Ra3 Be5 92. Rf3 Rb2 93. Rg3+ Kh6 94. Rg2 Rb4 95. Re2 Bf6 96. Re3 Kh5 97. Ra3 Re4 98. Rf3 Rb4 99. Ra3 Re4 100. Rf3 Kg5 101. Rb3 Be5 102. Ra3 Rg4 103. Ra5 Rg3+ 104. Kh2 Re3+ 105. Kg1 Kg4 106. Kf2 Bd4 107. Rd5 Re4+ 108. Kf1 h3 109. Rg5+ Kf4 110. Rf5+ Ke3 111. Rf3+ Kd2 112. Rd3+ Kc2 113. Rxh3 Rf4+ 114. Kg2 Kd2 115. Rf3 Re4 116. Ra3 Be3 117. Ra2+ Kd3 118. Ra3+ Ke2 119. Ra2+ Bd2 120. Kg3 Kd3 121. Ra3+ Kc4 122. Ra4+ Bb4 123. Kf3 Rd4 124. Ra8 Kd5 125. Ke3 Rh4 126. Kf3 Bd6 127. Ra5+ Ke6 128. Ra6 Ke7 129. Ke3 Be5 130. Rc6 Bd6 131. Ra6 Ke6 132. Rb6 Kd5 133. Rb5+ Bc5+ 134. Kf3 Ra4 135. Rb3 Ke5 136. Rb5 Rc4 137. Ra5 Kf5 138. Ra8 Rc3+ 139. Ke2 Bd4 140. Kd2 Rg3 141. Re8 Be5 142. Kc2 Ke4 143. Re7 Rc3+ 144. Kd2 Rb3 145. Kc1 Kd4 146. Kc2 Rb5 147. Re8 Ke3 148. Re7 Ke4 149. Re8 Rb2+ 150. Kc1 Rg2 151. Re7 Kd4 152. Re8 Kc3 153. Kd1 Bd4 154. Re2 Rg1+ 155. Re1 Rg2 156. Re2 Rg7 157. Rc2+ Kd3 158. Rd2+ Kc4 159. Rh2 Ra7 160. Rc2+ Kd5 161. Rc8 Ra2 162. Kc1 Ke4 163. Kb1 1/2-1/2

[Event "Tsaghkadzor ChessMood op"]
[Site "Tsaghkadzor"]
[Date "2022.10.04"]
[Round "5"]
[White "Mchedlishvili, Mikheil"]
[Black "Alizadeh, Mohammad Mahdi"]
[Result "1-0"]
[WhiteElo "2568"]
[BlackElo "2027"]
[PlyCount "49"]
[EventDate "2022.09.30"]
[EventType "swiss"]
[EventRounds "9"]
[EventCountry "ARM"]
[SourceTitle "CBM 210 Extra"]
[Source "ChessBase"]
[SourceDate "2022.11.30"]
[SourceVersion "1"]
[SourceVersionDate "2022.11.30"]
[SourceQuality "1"]

1. d4 Nf6 2. Bg5 d5 3. e3 c5 4. Bxf6 gxf6 5. dxc5 e6 6. Nf3 Bxc5 7. Be2 Nc6 8. 0-0 e5 9. c4 dxc4 10. Qa4 Qb6 11. Qxc4 Be6 12. Qh4 Ke7 13. Nc3 h5 14. Rac1 Bd6 15. Bc4 Rag8 16. h3 Rh6 17. Nd5+ Bxd5 18. Bxd5 Nd8 19. Qe4 Rhg6 20. Nh4 Rg5 21. Rfd1 Ke8 22. Qa4+ Kf8 23. Qd7 f5 24. Nxf5 R8g6 25. Rc8 1-0

[Event "IRI-ch Online"]
[Site "Chess.com INT"]
[Date "2021.03.18"]
[Round "10"]
[White "Alizadeh, Mohammad Mahdi"]
[Black "Razaghian, Hosein"]
[Result "1-0"]
[WhiteElo "1856"]
[BlackElo "1809"]
[PlyCount "29"]
[EventDate "2021.03.15"]
[EventType "swiss (rapid)"]
[EventRounds "11"]
[EventCountry "IRI"]
[SourceTitle "CBM 201 Extra"]
[Source "ChessBase"]
[SourceDate "2021.05.31"]
[SourceVersion "1"]
[SourceVersionDate "2021.05.31"]
[SourceQuality "1"]

1. d4 d5 2. c4 c6 3. cxd5 cxd5 4. Nc3 Nf6 5. Bf4 Bf5 6. Qb3 Qd7 7. Bxb8 Rxb8 8. e4 Qe6 9. e5 a6 10. Be2 Ne4 11. Nxd5 Qg6 12. Ne3 e6 13. g4 Be7 14. gxf5 Qxf5 15. Nxf5 1-0

[Event "IRI-ch Online"]
[Site "Chess.com INT"]
[Date "2021.03.17"]
[Round "5"]
[White "Alizadeh, Mohammad Mahdi"]
[Black "Ramshini, Hamed"]
[Result "1-0"]
[WhiteElo "1856"]
[BlackElo "1495"]
[PlyCount "97"]
[EventDate "2021.03.15"]
[EventType "swiss (rapid)"]
[EventRounds "11"]
[EventCountry "IRI"]
[SourceTitle "CBM 201 Extra"]
[Source "ChessBase"]
[SourceDate "2021.05.31"]
[SourceVersion "1"]
[SourceVersionDate "2021.05.31"]
[SourceQuality "1"]

1. Nf3 Nf6 2. c4 e6 3. g3 d5 4. Bg2 Be7 5. 0-0 0-0 6. b3 c5 7. cxd5 exd5 8. d4 Nc6 9. Bb2 Bf5 10. Nc3 Re8 11. Rc1 Be4 12. dxc5 Qa5 13. a3 Rad8 14. b4 Qc7 15. Nb5 Qb8 16. Nbd4 a6 17. Nxc6 bxc6 18. Nd4 Qc7 19. Qa4 Bxg2 20. Kxg2 Qe5 21. Qxa6 Ne4 22. Qd3 Rc8 23. f3 Nf6 24. Bc3 Qh5 25. Nf5 Qg6 26. Nxe7+ Rxe7 27. Qxg6 Rxe2+ 28. Rf2 Rxf2+ 29. Kxf2 hxg6 30. Bxf6 gxf6 31. Ke3 Kf8 32. Kd4 Ke7 33. a4 Kd7 34. b5 Ra8 35. bxc6+ Kxc6 36. Ra1 Ra5 37. Ra3 Rxc5 38. Rc3 Rxc3 39. Kxc3 Kc5 40. Kd3 Kb4 41. Kd4 Kxa4 42. Kxd5 Kb4 43. Kd6 Kc4 44. Ke7 Kd4 45. Kxf7 Ke3 46. Kxf6 Kxf3 47. Kxg6 Kg2 48. h4 Kxg3 49. h5 1-0

[Event "IRI-ch U18"]
[Site "Chess.com INT"]
[Date "2021.01.26"]
[Round "5"]
[White "Beytmashall, Abdolghader"]
[Black "Alizadeh, Mohammad Mahdi"]
[Result "0-1"]
[WhiteElo "1728"]
[BlackElo "1856"]
[PlyCount "96"]
[EventDate "2021.01.26"]
[EventType "swiss"]
[EventRounds "9"]
[EventCountry "IRI"]
[SourceTitle "CBM 200 Extra"]
[Source "ChessBase"]
[SourceDate "2021.03.31"]
[SourceVersion "1"]
[SourceVersionDate "2021.03.31"]
[SourceQuality "1"]

1. a3 d5 2. d4 Nf6 3. f3 c5 4. c3 e6 5. g3 Bd6 6. Bg2 e5 7. dxe5 Bxe5 8. Nh3 0-0 9. 0-0 Nc6 10. Nf2 Be6 11. Nd3 Bd6 12. e4 Qb6 13. Kh1 Rad8 14. Qc2 dxe4 15. fxe4 Bc4 16. Nd2 Ba6 17. c4 Nd4 18. Qb1 Be7 19. b4 cxb4 20. axb4 Ng4 21. b5 Nxb5 22. Rxa6 bxa6 23. cxb5 Rd7 24. Nc4 Qd4 25. Ncb2 axb5 26. h3 Ne3 27. Bxe3 Qxe3 28. Nf4 Qxg3 29. Nbd3 a6 30. Qa2 Rxd3 31. Nxd3 Qxd3 32. Qxa6 Bd6 33. Qb7 Qg3 34. Kg1 Bc5+ 35. Kh1 Bd6 36. Kg1 b4 37. Qd7 g6 38. Qb5 Kg7 39. Qc4 Qh2+ 40. Kf2 Qe5 41. Kg1 Qh2+ 42. Kf2 f5 43. Qd4+ Be5 44. Qd7+ Rf7 45. Qe6 fxe4+ 46. Ke1 Rxf1+ 47. Bxf1 Bc3+ 48. Kd1 Qd2# 0-1

[Event "IRI-ch U18"]
[Site "Chess.com INT"]
[Date "2021.01.26"]
[Round "7"]
[White "Eslami Niya, Seyed Mahdi"]
[Black "Alizadeh, Mohammad Mahdi"]
[Result "0-1"]
[WhiteElo "1753"]
[BlackElo "1856"]
[PlyCount "108"]
[EventDate "2021.01.26"]
[EventType "swiss"]
[EventRounds "9"]
[EventCountry "IRI"]
[SourceTitle "CBM 200 Extra"]
[Source "ChessBase"]
[SourceDate "2021.03.31"]
[SourceVersion "1"]
[SourceVersionDate "2021.03.31"]
[SourceQuality "1"]

1. b3 e5 2. Bb2 Nc6 3. e3 Nf6 4. Bb5 e4 5. d4 d5 6. c4 a6 7. Bxc6+ bxc6 8. Ne2 Bd6 9. c5 Be7 10. h3 h5 11. Nbc3 g5 12. b4 Be6 13. a4 Qd7 14. b5 axb5 15. axb5 Rxa1 16. Qxa1 0-0 17. Qa6 cxb5 18. c6 Qc8 19. Qxb5 Qa8 20. Qa4 Qxa4 21. Nxa4 Ra8 22. Nec3 Ra6 23. Kd2 Rxc6 24. Ra1 Ne8 25. Ba3 Nd6 26. Bxd6 Bxd6 27. Rb1 Ra6 28. Nc5 Bxc5 29. dxc5 Kf8 30. Nb5 Ra2+ 31. Ke1 Rc2 32. Nxc7 Rxc5 33. Rb8+ Kg7 34. Rb7 Kf6 35. Ne8+ Ke5 36. Ng7 Rc1+ 37. Kd2 Rg1 38. g3 h4 39. gxh4 gxh4 40. Nxe6 Kxe6 41. Rb6+ Kf5 42. Rd6 Rh1 43. Rxd5+ Ke6 44. Rh5 Rxh3 45. Ke2 Rh1 46. f3 Rh2+ 47. Kf1 exf3 48. Kg1 f2+ 49. Kf1 f5 50. Rh8 Kd5 51. Re8 h3 52. Rf8 Ke4 53. Rf7 Rg2 54. Re7+ Kf3 0-1

[Event "IRI-ch U18"]
[Site "Chess.com INT"]
[Date "2021.01.26"]
[Round "1"]
[White "Heidari, Abolfazl"]
[Black "Alizadeh, Mohammad Mahdi"]
[Result "0-1"]
[WhiteElo "1311"]
[BlackElo "1856"]
[PlyCount "82"]
[EventDate "2021.01.26"]
[EventType "swiss"]
[EventRounds "9"]
[EventCountry "IRI"]
[SourceTitle "CBM 200 Extra"]
[Source "ChessBase"]
[SourceDate "2021.03.31"]
[SourceVersion "1"]
[SourceVersionDate "2021.03.31"]
[SourceQuality "1"]

1. e4 e5 2. Nf3 Nc6 3. Bb5 a6 4. Ba4 Nf6 5. 0-0 b5 6. Bb3 Bc5 7. d3 d6 8. h3 h6 9. Be3 Bb6 10. Nbd2 Rb8 11. c3 0-0 12. d4 Re8 13. d5 Ne7 14. Bxb6 Rxb6 15. c4 Ng6 16. Qc2 Nf4 17. Rfe1 N6h5 18. Kh2 g5 19. g4 Nf6 20. Rg1 Kg7 21. a4 Nh7 22. axb5 axb5 23. cxb5 Nf8 24. Ra8 N8g6 25. Nc4 Rb7 26. Na5 Rb6 27. Nc6 Qf6 28. Na7 Nxh3 29. Rxc8 Rxc8 30. Nxc8 Nxg1 31. Nxg1 Rxb5 32. Ba4 Qf4+ 33. Kg2 Rb4 34. Bd7 Rxe4 35. Qxc7 Nh4+ 36. Kf1 Rc4 37. Qxd6 Qc1+ 38. Ke2 Rc2+ 39. Kd3 Qd2+ 40. Ke4 Rc4+ 41. Kxe5 Qf4# 0-1